000 00420nam a2200157Ia 4500
003 LDD
008 181029s9999 xx 000 0 und d
020 _a122036107
040 _cLDD
100 _aDATTAGUPTA, Sushanta
245 0 _aRelaxation phenomena in condensed matter physics
_cSushanta DATTAGUPTA
260 _aOrlando
_bAcademic press
_c1987
300 _axv, 309p
901 _a627
_b17-12-1996
942 _2ddc
_cBK
999 _c30421
_d30421